|
|
|
|
| LEADER |
00000nam0a2200000 4500 |
| 001 |
111395 |
| 005 |
20231101215008.0 |
| 010 |
|
|
|a 5482007685
|
| 035 |
|
|
|a (RuTPU)RU\TPU\book\120299
|
| 035 |
|
|
|a RU\TPU\book\76485
|
| 035 |
|
|
|a RU\TPU\book\120299
|
| 035 |
|
|
|a RU\TPU\book\120299
|
| 090 |
|
|
|a 111395
|
| 100 |
|
|
|a 20041223d2006 m y0rusy50 ca
|
| 101 |
0 |
|
|a rus
|
| 102 |
|
|
|a RU
|
| 105 |
|
|
|a a j 001zy
|
| 200 |
1 |
|
|a Финансовая отчетность. Анализ финансовой отчетности (основы балансоведения)
|e учебное пособие
|f В. В. Ковалев, В. В. Ковалев
|
| 205 |
|
|
|a 2-е изд., перераб. и доп.
|
| 210 |
|
|
|a Москва
|c Проспект
|d 2006
|
| 215 |
|
|
|a 432 с.
|c ил.
|
| 320 |
|
|
|a Библиогр.: с. 421-427.
|
| 320 |
|
|
|a Глоссарий: с. 361-396.
|
| 330 |
|
|
|a В пособии дана характеристика новых отчетных форм, описаны логика, методы и процедуры анализа финансово-хозяйственной деятельности фирмы в условиях рыночной экономики. Акцент в методиках анализа сделан на содержательную сторону аналитических процедур и коэффициентов в увязке с бухгалтерским учетом. Приведены алгоритмы согласования требований бухгалтерских и налоговых регулятивов в отношении прибыли. Рассмотрена взаимосвязь балансоведения, экономического и финансового анализов в исторической ретроспективе. Для студентов старших курсов, аспирантов и преподавателей экономических вузов, а также научных и практических работников, специализирующихся в области бухгалтерского учета, аудита, анализа и финансового менеджмента.
|
| 606 |
1 |
|
|a Финансовая отчетность
|2 stltpush
|3 (RuTPU)RU\TPU\subj\67530
|9 83288
|
| 610 |
1 |
|
|a экономика
|
| 610 |
1 |
|
|a финансы
|
| 610 |
1 |
|
|a бухгалтерская отчетность
|
| 610 |
1 |
|
|a финансовая отчетность
|
| 610 |
1 |
|
|a анализ
|
| 610 |
1 |
|
|a балансоведение
|
| 610 |
1 |
|
|a бухгалтерский баланс
|
| 610 |
1 |
|
|a составление
|
| 610 |
1 |
|
|a финансовый анализ
|
| 610 |
1 |
|
|a показатели
|
| 610 |
1 |
|
|a оценка
|
| 610 |
1 |
|
|a экономический потенциал
|
| 610 |
1 |
|
|a прибыльность
|
| 610 |
1 |
|
|a рентабельность
|
| 610 |
1 |
|
|a теория
|
| 610 |
1 |
|
|a история
|
| 610 |
1 |
|
|a учебные пособия
|
| 610 |
1 |
|
|a баланс
|
| 675 |
|
|
|a 657.6(075.8)
|v 3
|
| 700 |
|
1 |
|a Ковалев
|b В. В.
|g Валерий Викторович
|
| 701 |
|
1 |
|a Ковалев
|b В. В.
|g Виталий Валерьевич
|
| 801 |
|
1 |
|a RU
|b 63413507
|c 20070314
|g PSBO
|
| 801 |
|
2 |
|a RU
|b 63413507
|c 20210224
|g PSBO
|
| 942 |
|
|
|c BK
|
| 959 |
|
|
|a 24/20070227
|d 2
|e 180,00
|f АНЛ:1
|f ЧЗГЛ:1
|